Phán đoán đánh giá chức năng sản phẩm dựa trên phân tích bình luận của khách hàng : Luận văn Thạc sĩ Công nghệ thông tin. Chuyên ngành Hệ thống thông tin

Xây dựng hệ thống đọc các review một cách tự động và phán đoán đánh giá về sản phẩm theo tính năng dựa trên mô hình topic model và phán đoán quan điểm thông qua từ điển cảm xúc.

Сохранить в:
Библиографические подробности
Главный автор: Huỳnh, Trung Long
Формат:
Язык:Undetermined
Опубликовано: Cần Thơ Trường Đại học Cần Thơ 2018
Предметы:
Метки: Добавить метку
Нет меток, Требуется 1-ая метка записи!
Thư viện lưu trữ: Trung tâm Học liệu Trường Đại học Cần Thơ
LEADER 01132nam a2200205Ia 4500
001 CTU_225759
008 210402s9999 xx 000 0 und d
082 |a 006.35 
082 |b L431 
100 |a Huỳnh, Trung Long 
245 0 |a Phán đoán đánh giá chức năng sản phẩm dựa trên phân tích bình luận của khách hàng : 
245 0 |b Luận văn Thạc sĩ Công nghệ thông tin. Chuyên ngành Hệ thống thông tin 
245 0 |c Huỳnh Trung Long ; Trương Quốc Định (Cán bộ hướng dẫn) 
260 |a Cần Thơ 
260 |b Trường Đại học Cần Thơ 
260 |c 2018 
520 |a Xây dựng hệ thống đọc các review một cách tự động và phán đoán đánh giá về sản phẩm theo tính năng dựa trên mô hình topic model và phán đoán quan điểm thông qua từ điển cảm xúc. 
650 |a Hệ thống nhận dạng mẫu,Pattern recognition systems 
910 |b nthai 
980 |a Trung tâm Học liệu Trường Đại học Cần Thơ